[Event "DVM U12 2019"]
[Site "Magdeburg GER"]
[Date "2019.12.28"]
[Round "4"]
[White "Krüger, Arthur"]
[Black "Freude, Max"]
[Result "0-1"]
[Termination "normal"]
[Board "1.2"]
[WhiteElo "1693"]
[BlackElo "1809"]
[WhiteClock "00:45:16"]
[BlackClock "01:02:41"]
[WhiteTeam "Hamburger SK"]
[BlackTeam "SV Empor Berlin e.V."]
[PlyCount "36"]
[WhiteFideId "16244966"]
[BlackFideId "16236157"]
[EventCountry "GER"]
[EventRounds "7"]
[EventType "team-swiss"]
[EventDate "2019.12.26"]

1. d4 {[%clk 1:30:43]} Nf6 {[%clk 1:30:56]} 2. Bf4 {[%clk 1:31:06]} d5 {[%clk
1:29:18]} 3. e3 {[%clk 1:31:22]} c5 {[%clk 1:29:40]} 4. c3 {[%clk 1:30:58]} Nc6
{[%clk 1:29:50]} 5. Nd2 {[%clk 1:30:45]} Bf5 {[%clk 1:29:19]} 6. Ngf3 {[%clk
1:29:18]} e6 {[%clk 1:29:19]} 7. Be2 {[%clk 1:25:19]} Bd6 {[%clk 1:29:29]} 8.
Bg3 {[%clk 1:25:17]} O-O {[%clk 1:29:05]} 9. Ne5 {[%clk 1:23:02]} Rc8 {[%clk
1:26:05]} 10. f4 {[%clk 1:20:39]} a6 {[%clk 1:21:51]} 11. Bh4 {[%clk 1:13:40]}
cxd4 {[%clk 1:19:11]} 12. exd4 {[%clk 1:11:51]} Be7 {[%clk 1:17:45]} 13. g4
{[%clk 1:06:49]} Nxe5 {[%clk 1:10:17]} 14. fxe5 {[%clk 1:05:41]} Nxg4 {[%clk
1:10:38]} 15. Bxg4 {[%clk 0:55:08]} Bxh4+ {[%clk 1:10:37]} 16. Kf1 {[%clk
0:55:06]} f6 {[%clk 1:07:46]} 17. Kg2 {[%clk 0:45:49]} fxe5 {[%clk 1:07:17]}
18. dxe5 {[%clk 0:45:16]} Bxg4 {[%clk 1:02:41]} 0-1

[Event "DVM U12 2019"]
[Site "Magdeburg GER"]
[Date "2019.12.28"]
[Round "4"]
[White "Adelmeyer, Nelly"]
[Black "Richter, Nicholas"]
[Result "1-0"]
[Termination "normal"]
[Board "2.3"]
[WhiteElo "1453"]
[BlackElo "1448"]
[WhiteClock "00:32:10"]
[BlackClock "00:56:04"]
[WhiteTeam "SV Roter Turm Halle"]
[BlackTeam "USV TU Dresden"]
[PlyCount "95"]
[WhiteFideId "16203577"]
[BlackFideId "16244834"]
[EventCountry "GER"]
[EventRounds "7"]
[EventType "team-swiss"]
[EventDate "2019.12.26"]

1. d4 {[%clk 1:30:58]} Nf6 {[%clk 1:30:44]} 2. Nf3 {[%clk 1:31:19]} c5 {[%clk
1:30:16]} 3. e3 {[%clk 1:31:33]} d5 {[%clk 1:29:42]} 4. Bd3 {[%clk 1:31:51]}
Nc6 {[%clk 1:29:38]} 5. a3 {[%clk 1:31:57]} cxd4 {[%clk 1:29:21]} 6. exd4
{[%clk 1:31:39]} Bg4 {[%clk 1:28:58]} 7. Be3 {[%clk 1:31:06]} e6 {[%clk
1:28:46]} 8. Nbd2 {[%clk 1:31:00]} Bd6 {[%clk 1:28:45]} 9. O-O {[%clk 1:31:08]}
Qc7 {[%clk 1:28:47]} 10. h3 {[%clk 1:30:39]} Bh5 {[%clk 1:28:40]} 11. Rc1
{[%clk 1:29:45]} O-O {[%clk 1:27:58]} 12. c4 {[%clk 1:28:00]} dxc4 {[%clk
1:27:42]} 13. Rxc4 {[%clk 1:28:15]} Nd5 {[%clk 1:25:49]} 14. Qc2 {[%clk
1:27:31]} Bg6 {[%clk 1:25:52]} 15. Bxg6 {[%clk 1:27:31]} hxg6 {[%clk 1:23:49]}
16. Re1 {[%clk 1:27:08]} Qe7 {[%clk 1:23:13]} 17. Qe4 {[%clk 1:22:59]} Rfd8
{[%clk 1:21:15]} 18. Bg5 {[%clk 1:21:52]} f6 {[%clk 1:13:44]} 19. Qxg6 {[%clk
1:05:26]} Nc7 {[%clk 1:06:53]} 20. Be3 {[%clk 0:58:07]} Qf7 {[%clk 1:06:28]}
21. Qxf7+ {[%clk 0:57:17]} Kxf7 {[%clk 1:06:56]} 22. Ne4 {[%clk 0:56:11]} Rd7
{[%clk 1:05:55]} 23. Nxd6+ {[%clk 0:54:27]} Rxd6 {[%clk 1:06:22]} 24. Bf4
{[%clk 0:54:34]} Rd7 {[%clk 1:06:31]} 25. Bxc7 {[%clk 0:53:29]} Rxc7 {[%clk
1:06:55]} 26. Rec1 {[%clk 0:50:48]} Rd7 {[%clk 1:07:12]} 27. b4 {[%clk
0:50:38]} Rad8 {[%clk 1:07:22]} 28. Rd1 {[%clk 0:49:55]} e5 {[%clk 1:07:18]}
29. b5 {[%clk 0:43:58]} Nxd4 {[%clk 1:07:05]} 30. Nxd4 {[%clk 0:44:20]} exd4
{[%clk 1:07:21]} 31. Kf1 {[%clk 0:43:15]} Ke6 {[%clk 1:03:30]} 32. Ke2 {[%clk
0:41:21]} Ke5 {[%clk 1:02:21]} 33. Kf3 {[%clk 0:40:32]} Ke6 {[%clk 0:59:27]}
34. g4 {[%clk 0:40:23]} Ke5 {[%clk 0:59:40]} 35. h4 {[%clk 0:39:53]} g6 {[%clk
0:56:25]} 36. a4 {[%clk 0:39:19]} Rd6 {[%clk 0:55:24]} 37. Rc7 {[%clk 0:38:25]}
R6d7 {[%clk 0:55:49]} 38. Rc4 {[%clk 0:38:15]} Rd6 {[%clk 0:56:09]} 39. Rc5+
{[%clk 0:38:17]} Rd5 {[%clk 0:55:34]} 40. Rc7 {[%clk 0:37:44]} R5d7 {[%clk
0:55:58]} 41. Rc4 {[%clk 0:36:19]} Rd6 {[%clk 0:56:23]} 42. Rc5+ {[%clk
0:33:51]} Rd5 {[%clk 0:56:47]} 43. Re1+ {[%clk 0:32:50]} Kd6 {[%clk 0:56:48]}
44. Rxd5+ {[%clk 0:32:50]} Kxd5 {[%clk 0:57:11]} 45. Re7 {[%clk 0:32:41]} d3
{[%clk 0:57:06]} 46. Ke3 {[%clk 0:32:31]} Kc5 {[%clk 0:56:00]} 47. Kd2 {[%clk
0:32:42]} Kd4 {[%clk 0:56:04]} 48. Rxb7 {[%clk 0:32:10]} 1-0

[Event "DVM U12 2019"]
[Site "Magdeburg GER"]
[Date "2019.12.28"]
[Round "4"]
[White "Hoffmann, Kay"]
[Black "Bungarten, Jona"]
[Result "1/2-1/2"]
[Termination "normal"]
[Board "4.1"]
[WhiteElo "1621"]
[BlackElo "1750"]
[WhiteTeam "Barnimer Schachfreunde im SV Stahl Finow e.V."]
[BlackTeam "Schachfreunde Brackel 1930 e. V."]
[PlyCount "51"]
[WhiteFideId "16227000"]
[BlackFideId "16223608"]
[EventCountry "GER"]
[EventRounds "7"]
[EventType "team-swiss"]
[EventDate "2019.12.26"]

1. d4 d5 2. Bf4 Nf6 3. Nf3 c5 4. e3 Nc6 5. c4 Bg4 6. dxc5 dxc4 7. Nc3 Qa5 8.
Bxc4 e5 9. Qb3 Qc7 10. Bg5 O-O-O 11. Bxf7 Na5 12. Qa4 Bxf3 13. Be6+ Kb8 14.
gxf3 Qxc5 15. Ke2 Be7 16. Rac1 Qb6 17. b3 Nc6 18. Qb5 Nd4+ 19. exd4 Qxe6 20.
Qxe5+ Qd6 21. Bf4 Rhe8 22. Nb5 Nd5 23. Kd2 Qxe5 24. Bxe5+ Ka8 25. Nc7+ Nxc7 26.
Rxc7 1/2-1/2

[Event "DVM U12 2019"]
[Site "Magdeburg GER"]
[Date "2019.12.28"]
[Round "4"]
[White "Tomasjan, Samuel"]
[Black "Beyer, Lorenz"]
[Result "1-0"]
[Termination "normal"]
[Board "4.2"]
[WhiteElo "1662"]
[BlackElo "1274"]
[WhiteTeam "Schachfreunde Brackel 1930 e. V."]
[BlackTeam "Barnimer Schachfreunde im SV Stahl Finow e.V."]
[PlyCount "63"]
[WhiteFideId "16235584"]
[BlackFideId "16245393"]
[EventCountry "GER"]
[EventRounds "7"]
[EventType "team-swiss"]
[EventDate "2019.12.26"]

1. e4 d5 2. exd5 Nf6 3. c4 e5 4. Nc3 Bc5 5. Be2 c6 6. Bf3 Qb6 7. Qe2 O-O 8. d3
cxd5 9. Nxd5 Nxd5 10. Bxd5 Nc6 11. Nf3 Bg4 12. Bxc6 Bb4+ 13. Bd2 Bxd2+ 14. Qxd2
Qxc6 15. Qe3 e4 16. Ne5 Qe6 17. Nxg4 Qxg4 18. O-O exd3 19. Qxd3 Rad8 20. Qb3
Rd2 21. Qb4 Rfd8 22. b3 Qd4 23. h3 Rxf2 24. Rxf2 Qxa1+ 25. Rf1 Qd4+ 26. Kh1 b6
27. Qe7 Qd7 28. Rxf7 Qd4 29. Rxg7+ Qxg7 30. Qxd8+ Kf7 31. Qd7+ Kg6 32. Qxg7+
1-0

[Event "DVM U12 2019"]
[Site "Magdeburg GER"]
[Date "2019.12.28"]
[Round "4"]
[White "Dominick, Maximilian"]
[Black "Butusov, Maxim"]
[Result "0-1"]
[Termination "normal"]
[Board "4.3"]
[WhiteElo "1120"]
[BlackElo "1222"]
[WhiteTeam "Barnimer Schachfreunde im SV Stahl Finow e.V."]
[BlackTeam "Schachfreunde Brackel 1930 e. V."]
[PlyCount "97"]
[WhiteFideId "16296486"]
[BlackFideId "16264320"]
[EventCountry "GER"]
[EventRounds "7"]
[EventType "team-swiss"]
[EventDate "2019.12.26"]

1. d4 d5 2. Bf4 Nc6 3. e3 Bf5 4. Bd3 Bg6 5. Bxg6 hxg6 6. Nf3 e6 7. Nc3 Bd6 8.
Bxd6 Qxd6 9. Qe2 a6 10. e4 O-O-O 11. O-O-O dxe4 12. Qxe4 Nf6 13. Qe3 Ng4 14.
Ne4 Qd5 15. Qf4 f5 16. Nc3 Qd6 17. Qxd6 Rxd6 18. Rd2 Rhd8 19. Rhd1 e5 20. h3
exd4 21. hxg4 dxc3 22. Rxd6 cxb2+ 23. Kxb2 Rxd6 24. Rxd6 cxd6 25. gxf5 gxf5 26.
Nh4 Ne7 27. Kc3 g5 28. Nf3 g4 29. Nd4 Kd7 30. Kb4 Nc6+ 31. Nxc6 Kxc6 32. c4 b5
33. cxb5+ axb5 34. Kc3 Kc5 35. a3 d5 36. Kd3 d4 37. f3 gxf3 38. gxf3 Kd5 39.
Kd2 Kc4 40. Kc2 d3+ 41. Kd2 Kd4 42. Kd1 Kc3 43. Kc1 Kb3 44. Kd2 Kxa3 45. Kxd3
b4 46. Kd4 b3 47. Ke5 b2 48. Kxf5 b1=Q+ 49. Kg5 0-1

[Event "DVM U12 2019"]
[Site "Magdeburg GER"]
[Date "2019.12.28"]
[Round "4"]
[White "Skolnik, Andrius"]
[Black "Menne, Lukas"]
[Result "1/2-1/2"]
[Termination "normal"]
[Board "4.4"]
[WhiteElo "1278"]
[BlackElo "1054"]
[WhiteTeam "Schachfreunde Brackel 1930 e. V."]
[BlackTeam "Barnimer Schachfreunde im SV Stahl Finow e.V."]
[PlyCount "49"]
[WhiteFideId "16297954"]
[BlackFideId "16288467"]
[EventCountry "GER"]
[EventRounds "7"]
[EventType "team-swiss"]
[EventDate "2019.12.26"]

1. e4 e5 2. Nf3 Nc6 3. Bc4 Bc5 4. Nc3 d6 5. d3 Nf6 6. Bg5 h6 7. Bh4 g5 8. Bg3
Bg4 9. h3 Bxf3 10. Qxf3 Nd4 11. Qd1 Qd7 12. Bd5 c6 13. Bc4 O-O-O 14. Na4 h5 15.
Nxc5 dxc5 16. c3 Nb5 17. Bxe5 Qe7 18. Bxf6 Qxf6 19. Bxb5 cxb5 20. Qf3 Qxf3 21.
gxf3 Rxd3 22. Ke2 Rhd8 23. Rad1 R3d7 24. Rxd7 Rxd7 25. Rg1 1/2-1/2

[Event "DVM U12 2019"]
[Site "Magdeburg GER"]
[Date "2019.12.28"]
[Round "4"]
[White "Schön, Florian"]
[Black "Hecht, Jonas Christian"]
[Result "0-1"]
[Termination "normal"]
[Board "5.1"]
[WhiteElo "1713"]
[BlackElo "1754"]
[WhiteTeam "BSG Grün-Weiß Leipzig e. V."]
[BlackTeam "SC Kreuzberg e.V."]
[PlyCount "68"]
[WhiteFideId "16259394"]
[BlackFideId "16214846"]
[EventCountry "GER"]
[EventRounds "7"]
[EventType "team-swiss"]
[EventDate "2019.12.26"]

1. e4 c5 2. Nc3 Nc6 3. f4 g6 4. Nf3 Bg7 5. Bb5 Nd4 6. d3 a6 7. Bc4 e6 8. O-O
Ne7 9. Ne2 b5 10. Bb3 Bb7 11. Nexd4 cxd4 12. Qe1 Rc8 13. Nh4 Bf6 14. f5 gxf5
15. exf5 Bxh4 16. Qxh4 Nxf5 17. Qh5 Rc5 18. Bg5 Rg8 19. h4 h6 20. Bd5 hxg5 21.
Bxb7 gxh4 22. Be4 h3 23. Qxh3 Ng3 24. Qh7 Rf8 25. Rxf7 Ne2+ 26. Kh2 Qc7+ 27.
Kh1 Rh5+ 28. Qxh5 Ng3+ 29. Kg1 Nxh5 30. Bg6 Rxf7 31. Bxh5 Ke7 32. Bxf7 Kxf7 33.
Rc1 Kg6 34. c3 Qe5 0-1

[Event "DVM U12 2019"]
[Site "Magdeburg GER"]
[Date "2019.12.28"]
[Round "4"]
[White "Held, Momme Fredrik"]
[Black "Englert, Luca"]
[Result "1-0"]
[Termination "normal"]
[Board "5.2"]
[WhiteElo "1573"]
[BlackElo "1632"]
[WhiteTeam "SC Kreuzberg e.V."]
[BlackTeam "BSG Grün-Weiß Leipzig e. V."]
[PlyCount "65"]
[WhiteFideId "16237692"]
[BlackFideId "16293088"]
[EventCountry "GER"]
[EventRounds "7"]
[EventType "team-swiss"]
[EventDate "2019.12.26"]

1. c4 e5 2. g3 f5 3. Bg2 Nf6 4. Nc3 Be7 5. e3 c6 6. d3 O-O 7. Nge2 d5 8. O-O
Be6 9. b3 Nbd7 10. f4 e4 11. Nd4 Bf7 12. Nxf5 Bb4 13. Bb2 exd3 14. cxd5 Bxc3
15. Bxc3 Bxd5 16. Bxf6 Nxf6 17. Qxd3 Bxg2 18. Qxd8 Raxd8 19. Kxg2 Ng4 20. Kh3
Nxh2 21. Kxh2 Rxf5 22. Rad1 Rfd5 23. Rxd5 Rxd5 24. Rf2 Kf7 25. Kg2 Rd6 26. Kf3
c5 27. e4 b5 28. e5 c4 29. exd6 Ke6 30. bxc4 bxc4 31. Rd2 Kd7 32. Rc2 Kxd6 33.
Rxc4 1-0

[Event "DVM U12 2019"]
[Site "Magdeburg GER"]
[Date "2019.12.28"]
[Round "4"]
[White "Vecera, Fabio"]
[Black "Lieske, Aaron"]
[Result "0-1"]
[Termination "normal"]
[Board "5.3"]
[WhiteElo "1529"]
[BlackElo "1493"]
[WhiteTeam "BSG Grün-Weiß Leipzig e. V."]
[BlackTeam "SC Kreuzberg e.V."]
[PlyCount "134"]
[WhiteFideId "16281705"]
[BlackFideId "16297938"]
[EventCountry "GER"]
[EventRounds "7"]
[EventType "team-swiss"]
[EventDate "2019.12.26"]

1. e4 e5 2. Nf3 Nc6 3. d4 exd4 4. Bc4 Nf6 5. O-O d6 6. Nxd4 Be7 7. Nc3 O-O 8.
Re1 Bd7 9. Bg5 h6 10. Bf4 Ne5 11. Bb3 Ng6 12. Bg3 Ne8 13. h3 Bg5 14. Rf1 Bf4
15. Nce2 Bxg3 16. Nxg3 Ne5 17. f4 Nc6 18. Ndf5 Bxf5 19. Nxf5 Qf6 20. Qg4 Nd4
21. c3 Nxf5 22. exf5 c6 23. Rf3 d5 24. Rd1 Nd6 25. Bc2 Rfe8 26. Kf2 Re7 27. Qh5
Rae8 28. Rd2 Nc4 29. Rd1 Re2+ 30. Kg1 Rxc2 31. g4 Ree2 32. Rg3 Rg2+ 33. Rxg2
Rxg2+ 34. Kxg2 Ne3+ 35. Kg3 Nxd1 36. g5 hxg5 37. Qxd1 Qxf5 38. fxg5 Qxg5+ 39.
Kf2 Qf4+ 40. Kg2 Qe4+ 41. Kf2 f5 42. Qb3 Qh4+ 43. Ke2 Qc4+ 44. Qxc4 dxc4 45.
Ke3 c5 46. Kf4 g6 47. h4 Kf7 48. Ke5 b6 49. Kd5 Kf6 50. Kxc4 g5 51. hxg5+ Kxg5
52. Kd3 Kf4 53. Ke2 Kg3 54. c4 Kf4 55. a3 Ke4 56. b4 Kd4 57. bxc5 bxc5 58. Kf3
Kxc4 59. Kf4 Kd3 60. Kxf5 c4 61. Ke5 c3 62. Kd5 c2 63. Kc5 c1=Q+ 64. Kb5 Qc4+
65. Ka5 Qb3 66. a4 Kc4 67. Ka6 Qb6# 0-1

[Event "DVM U12 2019"]
[Site "Magdeburg GER"]
[Date "2019.12.28"]
[Round "4"]
[White "Koulouris, Fabian"]
[Black "Widmann, Maximilian"]
[Result "1/2-1/2"]
[Termination "normal"]
[Board "5.4"]
[WhiteElo "1261"]
[BlackElo "1592"]
[WhiteTeam "SC Kreuzberg e.V."]
[BlackTeam "BSG Grün-Weiß Leipzig e. V."]
[PlyCount "111"]
[WhiteFideId "16297946"]
[BlackFideId "16281691"]
[EventCountry "GER"]
[EventRounds "7"]
[EventType "team-swiss"]
[EventDate "2019.12.26"]

1. e4 c6 2. d4 d5 3. exd5 cxd5 4. Bd3 Nf6 5. Nf3 Bg4 6. Bf4 Nc6 7. c3 e6 8. h3
Bh5 9. Nbd2 Bd6 10. Bg5 h6 11. Bh4 Bxf3 12. Nxf3 Be7 13. Bb5 O-O 14. O-O Rc8
15. Bd3 Re8 16. Bg3 Bd6 17. Ne5 Qc7 18. Qe2 Nd7 19. Nxd7 Qxd7 20. Bxd6 Qxd6 21.
Bb5 Re7 22. Bxc6 Rxc6 23. Rfe1 Rb6 24. Rad1 Rc7 25. Rd3 Qe7 26. Re3 Qf6 27. Rf3
Qe7 28. Re3 Ra6 29. b3 Rac6 30. Rc1 Qa3 31. Qc2 Qa5 32. f4 Re7 33. g3 Qc7 34.
Kf2 Qd7 35. Rce1 g6 36. Qe2 Qd6 37. Rd1 Rec7 38. Rc1 Qa3 39. Qc2 Qd6 40. Qe2
Qd8 41. Rf3 Qf6 42. Qe5 Qxe5 43. fxe5 Ra6 44. Rc2 b5 45. Ke3 b4 46. c4 dxc4 47.
bxc4 Ra3+ 48. Ke2 Rxf3 49. Kxf3 Kf8 50. Ke3 Ke7 51. Kd3 Kd7 52. Rb2 a5 53. c5
Kc6 54. Kc4 Rb7 55. Rb3 Rb8 56. Rb2 1/2-1/2

[Event "DVM U12 2019"]
[Site "Magdeburg GER"]
[Date "2019.12.28"]
[Round "4"]
[White "Colditz, Elias"]
[Black "Gold, Jan Christian"]
[Result "1-0"]
[Termination "normal"]
[Board "6.1"]
[WhiteElo "1708"]
[BlackElo "1527"]
[WhiteTeam "SV Multatuli Ingelheim e.V."]
[BlackTeam "SK Bad Homburg 1927"]
[PlyCount "63"]
[WhiteFideId "16298039"]
[BlackFideId "16298128"]
[EventCountry "GER"]
[EventRounds "7"]
[EventType "team-swiss"]
[EventDate "2019.12.26"]

1. e4 e6 2. d4 d5 3. exd5 exd5 4. Bd3 Nf6 5. Bg5 Be7 6. Nf3 Bg4 7. O-O Nbd7 8.
Nbd2 O-O 9. c3 c6 10. Re1 Re8 11. Qc2 h6 12. Bh4 b6 13. h3 Bxf3 14. Nxf3 Qc7
15. Bg3 Bd6 16. Bxd6 Qxd6 17. Qd2 c5 18. Bc2 c4 19. Nh4 Nf8 20. Nf5 Qd7 21. Qf4
Rxe1+ 22. Rxe1 Re8 23. Rxe8 Qxe8 24. Kf1 Ne6 25. Nxh6+ Kf8 26. Qd6+ Qe7 27.
Qxe7+ Kxe7 28. Nf5+ Kf8 29. g3 Ng5 30. Kg2 a6 31. h4 Nge4 32. f3 1-0

[Event "DVM U12 2019"]
[Site "Magdeburg GER"]
[Date "2019.12.28"]
[Round "4"]
[White "Negru, Maximilian"]
[Black "Strauß, Florian"]
[Result "1-0"]
[Termination "normal"]
[Board "6.2"]
[WhiteElo "1267"]
[BlackElo "1303"]
[WhiteTeam "SK Bad Homburg 1927"]
[BlackTeam "SV Multatuli Ingelheim e.V."]
[PlyCount "115"]
[WhiteFideId "16298136"]
[BlackFideId "16298047"]
[EventCountry "GER"]
[EventRounds "7"]
[EventType "team-swiss"]
[EventDate "2019.12.26"]

1. e4 d5 2. exd5 Nf6 3. Nf3 Nxd5 4. d4 Nc6 5. Bc4 Bg4 6. h3 Bxf3 7. Qxf3 Nxd4
8. Qxd5 Qxd5 9. Bxd5 Nxc2+ 10. Ke2 c6 11. Bf3 Nxa1 12. Na3 e6 13. Kd3 Bxa3 14.
bxa3 O-O-O+ 15. Kc3 Rd7 16. Kb2 Rd3 17. Kxa1 Rhd8 18. a4 R3d4 19. Bb2 Rxa4 20.
Bxg7 Rd2 21. Bb2 Rxf2 22. Rd1 a6 23. a3 c5 24. Kb1 Ra5 25. Be4 Rb5 26. Bc2 c4
27. Kc1 c3 28. Bxc3 Rc5 29. Rd3 Rf1+ 30. Bd1 Rg1 31. Rg3 f5 32. Kc2 f4 33. Rg8+
Kd7 34. Rg7+ Kc6 35. Bf3+ Kd6 36. Rxh7 Rf1 37. Kd3 Rb5 38. h4 Rb3 39. Rh8 Kd7
40. Kc2 Rxa3 41. Bxb7 Rf2+ 42. Kd3 Rb3 43. h5 e5 44. h6 Rf1 45. Bxa6 Rh1 46.
Kc4 Rb6 47. Bb5+ Kd6 48. h7 Kc7 49. Bxe5+ Kb7 50. Rb8+ Ka7 51. h8=Q Rxh8 52.
Rxb6 Rh4 53. Ra6+ Kb7 54. Kc3 Rh5 55. Re6 Rh4 56. Bc6+ Kb6 57. Bf3+ Kc5 58. Rf6
1-0

[Event "DVM U12 2019"]
[Site "Magdeburg GER"]
[Date "2019.12.28"]
[Round "4"]
[White "Makarov, Mark Alexander"]
[Black "Mandalka, Justus"]
[Result "1-0"]
[Termination "normal"]
[Board "6.3"]
[WhiteElo "1243"]
[BlackElo "1220"]
[WhiteTeam "SV Multatuli Ingelheim e.V."]
[BlackTeam "SK Bad Homburg 1927"]
[PlyCount "155"]
[WhiteFideId "16298055"]
[BlackFideId "16298144"]
[EventCountry "GER"]
[EventRounds "7"]
[EventType "team-swiss"]
[EventDate "2019.12.26"]

1. e4 c5 2. Nf3 Nc6 3. d4 cxd4 4. Nxd4 e6 5. Nc3 Bc5 6. Nf3 Nf6 7. h3 O-O 8.
Bg5 d6 9. Bb5 Re8 10. Bxc6 bxc6 11. e5 dxe5 12. Qxd8 Rxd8 13. Nxe5 Bb7 14. O-O
Bd4 15. Ng4 Rd7 16. Bxf6 gxf6 17. Rad1 Kg7 18. Ne2 Rad8 19. c3 Bb6 20. Rxd7
Rxd7 21. Ng3 Kg6 22. Ne4 Bd8 23. Nc5 Rc7 24. Rd1 Be7 25. Ne4 Kg7 26. Ng3 f5 27.
Ne5 f6 28. Nf3 Bc8 29. Nd4 a6 30. Nh5+ Kf7 31. f3 Bc5 32. Kh1 e5 33. Ne2 f4 34.
b4 Be3 35. Rd6 Rd7 36. Rxc6 Bb7 37. Rxf6+ Ke7 38. Rh6 Kd8 39. Kh2 Bxf3 40. gxf3
Rd2 41. h4 Rxe2+ 42. Kh3 Rxa2 43. Rxh7 Rc2 44. Rh6 Rxc3 45. Rxa6 Rb3 46. Ra5
Bd4 47. Rb5 Rxf3+ 48. Kg4 Rb3 49. Nxf4 Bc3 50. Nd5 Bb2 51. h5 Bd4 52. h6 e4 53.
Nf4 Bb2 54. h7 Kd7 55. Nd5 Kc6 56. Rc5+ Kd6 57. Kf5 e3 58. Nf6 Rxb4 59. Rc8 Rh4
60. h8=Q Rxh8 61. Rxh8 e2 62. Re8 e1=Q 63. Rxe1 Bc3 64. Rd1+ Ke7 65. Rd7+ Kf8
66. Kg6 Be5 67. Ng8 Bf6 68. Rf7+ Ke8 69. Rxf6 Kd7 70. Kf5 Kc7 71. Ke5 Kd7 72.
Nh6 Ke7 73. Rf7+ Kd8 74. Ke6 Ke8 75. Nf5 Kd8 76. Kd6 Ke8 77. Nh6 Kd8 78. Rf8#
1-0

[Event "DVM U12 2019"]
[Site "Magdeburg GER"]
[Date "2019.12.28"]
[Round "4"]
[White "Radutny, Alexej"]
[Black "Stiehl, Richard"]
[Result "1/2-1/2"]
[Termination "normal"]
[Board "6.4"]
[WhiteElo "1045"]
[BlackElo "1171"]
[WhiteTeam "SK Bad Homburg 1927"]
[BlackTeam "SV Multatuli Ingelheim e.V."]
[PlyCount "112"]
[WhiteFideId "16298152"]
[BlackFideId "16298063"]
[EventCountry "GER"]
[EventRounds "7"]
[EventType "team-swiss"]
[EventDate "2019.12.26"]

1. d4 Nf6 2. c4 d6 3. Nc3 Bf5 4. Bf4 c6 5. e3 d5 6. Nf3 e6 7. cxd5 cxd5 8. Bb5+
Nc6 9. Rc1 Bd6 10. Bxd6 Qxd6 11. Ne5 O-O 12. Bxc6 bxc6 13. O-O Rab8 14. Qe2 Nd7
15. Nf3 Bg4 16. b3 e5 17. h3 Bh5 18. g4 Bg6 19. dxe5 Nxe5 20. Rfd1 Qf6 21. Nxe5
Qxe5 22. f4 Qf6 23. f5 Bxf5 24. gxf5 Qxf5 25. Qg4 Qe5 26. Qf4 Qe6 27. Kh2 Rb7
28. Re1 h6 29. Na4 g5 30. Rg1 Kh7 31. Qg3 Re7 32. Rce1 Rfe8 33. Nc5 Qg6 34.
Rgf1 Qc2+ 35. Qf2 Qxc5 36. Qf5+ Kg8 37. e4 Qd6+ 38. Kh1 Qe6 39. Qf3 dxe4 40.
Qe3 Rd8 41. h4 Rd3 42. Qe2 Qh3+ 43. Qh2 Qxh2+ 44. Kxh2 Rd2+ 45. Kh1 Rxa2 46.
Rg1 f6 47. Ref1 Re6 48. Rd1 Rb2 49. Rd7 Rxb3 50. Rxa7 Rh3+ 51. Kg2 Rxh4 52. Rb1
Kf8 53. Rbb7 Rg4+ 54. Kh2 Rh4+ 55. Kg2 Rg4+ 56. Kh2 Rh4+ 1/2-1/2

[Event "DVM U12 2019"]
[Site "Magdeburg GER"]
[Date "2019.12.28"]
[Round "4"]
[White "Schwartz, Oliver"]
[Black "Udelnov, Valentin"]
[Result "1-0"]
[Termination "normal"]
[Board "7.1"]
[WhiteElo "1716"]
[BlackElo "1416"]
[WhiteTeam "SC Ostfildern 1952 e.V."]
[BlackTeam "Schachzwerge Magdeburg"]
[PlyCount "65"]
[WhiteFideId "16207459"]
[BlackFideId "16265734"]
[EventCountry "GER"]
[EventRounds "7"]
[EventType "team-swiss"]
[EventDate "2019.12.26"]

1. e4 e5 2. Nf3 Nc6 3. Bc4 Bc5 4. c3 Nf6 5. d3 d6 6. Bb3 a6 7. Nbd2 Ba7 8. O-O
O-O 9. h3 Ne7 10. Re1 Ng6 11. Nf1 Nh5 12. Bg5 Qd7 13. Qd2 Nhf4 14. d4 Re8 15.
Rad1 Qc6 16. Bxf4 Nxf4 17. dxe5 dxe5 18. Nxe5 Nxh3+ 19. gxh3 Rxe5 20. Qf4 Qg6+
21. Ng3 Re8 22. Kh2 Be6 23. Rg1 Kh8 24. Nf5 Qf6 25. Rxg7 c5 26. Qg5 Qxg5 27.
Rxg5 c4 28. Bc2 Bxf2 29. Rf1 Bb6 30. Nd6 Re7 31. e5 Bc5 32. Rh5 Rg8 33. Rxh7#
1-0

[Event "DVM U12 2019"]
[Site "Magdeburg GER"]
[Date "2019.12.28"]
[Round "4"]
[White "Herter, Arne"]
[Black "Chugunov, Ivan"]
[Result "1-0"]
[Termination "normal"]
[Board "7.2"]
[WhiteElo "1417"]
[BlackElo "1383"]
[WhiteTeam "Schachzwerge Magdeburg"]
[BlackTeam "SC Ostfildern 1952 e.V."]
[PlyCount "75"]
[WhiteFideId "16255372"]
[BlackFideId "16256808"]
[EventCountry "GER"]
[EventRounds "7"]
[EventType "team-swiss"]
[EventDate "2019.12.26"]

1. e4 c6 2. c4 d5 3. exd5 cxd5 4. cxd5 Nf6 5. Qa4+ Bd7 6. Qb3 Qc7 7. Nc3 g6 8.
Bc4 Qb6 9. Nf3 Bg7 10. O-O O-O 11. Qxb6 axb6 12. d3 Na6 13. Re1 Rfe8 14. Ng5
Bf8 15. Be3 Nc5 16. Nge4 Rac8 17. Nxf6+ exf6 18. Bd4 Bg7 19. b4 Na6 20. a3 Bf5
21. Bxb6 Rxe1+ 22. Rxe1 Bxd3 23. Bxd3 Rxc3 24. Bxa6 bxa6 25. Rd1 Bf8 26. g3 Bd6
27. Bd4 Rxa3 28. Bc5 Bxc5 29. bxc5 Kf8 30. Rc1 Ke8 31. c6 Kd8 32. c7+ Kc8 33.
d6 Rd3 34. Rc6 a5 35. Ra6 Kd7 36. Ra8 Rc3 37. Rd8+ Ke6 38. c8=Q+ 1-0

[Event "DVM U12 2019"]
[Site "Magdeburg GER"]
[Date "2019.12.28"]
[Round "4"]
[White "Plenikowski, Julian"]
[Black "Kasperovich, Christian"]
[Result "1-0"]
[Termination "normal"]
[Board "7.4"]
[WhiteElo "1027"]
[BlackElo "786"]
[WhiteTeam "Schachzwerge Magdeburg"]
[BlackTeam "SC Ostfildern 1952 e.V."]
[PlyCount "35"]
[WhiteFideId "16297997"]
[BlackFideId "16298012"]
[EventCountry "GER"]
[EventRounds "7"]
[EventType "team-swiss"]
[EventDate "2019.12.26"]

1. e4 e5 2. Bc4 Nc6 3. Nf3 Bc5 4. c3 d6 5. d4 Bb6 6. d5 Na5 7. Bb5+ c6 8. dxc6
bxc6 9. Ba4 Nf6 10. b4 Bd7 11. bxa5 Bxa5 12. O-O Nxe4 13. Bc2 d5 14. Nxe5 Bxc3
15. Nxc3 Nxc3 16. Qd3 Nb5 17. Bb2 O-O 18. Qxh7# 1-0

[Event "DVM U12 2019"]
[Site "Magdeburg GER"]
[Date "2019.12.28"]
[Round "4"]
[White "Pick, Max"]
[Black "Kliffken, Julian"]
[Result "1-0"]
[Termination "normal"]
[Board "8.1"]
[WhiteElo "1635"]
[BlackElo "1476"]
[WhiteTeam "Schachklub Kerpen 64 e. V."]
[BlackTeam "Schachgemeinschaft Porz e. V."]
[PlyCount "101"]
[WhiteFideId "16210883"]
[BlackFideId "16298071"]
[EventCountry "GER"]
[EventRounds "7"]
[EventType "team-swiss"]
[EventDate "2019.12.26"]

1. e4 c5 2. Nf3 Nc6 3. d4 cxd4 4. Nxd4 Qb6 5. Nb5 a6 6. Be3 Qa5+ 7. N5c3 Nf6 8.
Nd2 e6 9. Nc4 Qd8 10. Bb6 Qe7 11. e5 Nxe5 12. Nxe5 Qb4 13. Bd4 Bc5 14. a3 Qxb2
15. Rb1 Qxa3 16. Nc4 Bxd4 17. Nxa3 Bxc3+ 18. Ke2 Nd5 19. Qc1 O-O 20. g3 Bf6 21.
Rb3 b5 22. Bg2 Bb7 23. Rd1 Nc3+ 24. Rxc3 Bxg2 25. Rcd3 Bc6 26. Rxd7 Bxd7 27.
Rxd7 b4 28. Nc4 Bc3 29. Qg5 h6 30. Qc5 Rfc8 31. Rc7 Rd8 32. Qc6 a5 33. Rd7 Rxd7
34. Qxa8+ Kh7 35. Qxa5 Rd4 36. Qb5 f6 37. Ne3 e5 38. Qb7 e4 39. Qf7 f5 40.
Qxf5+ Kh8 41. h4 Rd2+ 42. Kf1 Bd4 43. Qxe4 Bc3 44. g4 Rd4 45. Qe8+ Kh7 46. g5
hxg5 47. hxg5 Rh4 48. g6+ Kh6 49. Nf5+ Kg5 50. Nxh4 Kxh4 51. Kg2 1-0